"Registrujeme aj aktivity rôznych špekulantov Podľa konateľa AGW s.r.o. Matúša Gregu 91% klientov dostane do konca týždňa akcie

Podrobná bibliografia
Hlavný autor: bo (Autor)
Korporatívny autor: AGW, Košice (Autor)
Médium: Článok
Jazyk:slovenčina
Predmet:

MARC

LEADER 00000nab a2200000 a 4500
001 vtls000908650
003 SK-MaSNL
005 20260302172621.0
008 040720e20020318xo 0 slo
035 |a KE17582 
040 |a KEVKJB  |b slo  |c KEVKJB  |e AACR2 
041 0 |a slo 
044 |a xo  |c SK 
080 |a 336.7  |2 1981 
080 |a 061.21  |2 1981 
100 0 |a bo  |4 aut  |9 841001 
245 1 0 |a "Registrujeme aj aktivity rôznych špekulantov  |b Podľa konateľa AGW s.r.o. Matúša Gregu 91% klientov dostane do konca týždňa akcie 
610 2 7 |a AGW (Košice, Slovensko)  |2 KEVKJB  |9 95117 
650 0 7 |a spoločnosťi nebankové  |2 KEVKJB  |9 878898 
650 0 7 |a aktivity  |2 KEVKJB  |9 372560 
650 0 7 |a informácie  |2 KEVKJB  |9 1285 
651 7 |a Košice (Slovensko)  |2 KEVKJB  |9 18694 
651 7 |a KE,  |2 KEVKJB  |9 877256 
655 7 |a periodikum  |2 snkbucl  |9 29553 
710 2 |a AGW, Košice  |4 aut  |9 878899 
773 0 8 |t Košický večer  |g Roč. 13  |g Roč. 34, č.54, 18.3.2002, s. 1 
852 |a ZVYKNI  |b KIS3GCP 
999 |c 1399266  |d 1401196